Statistiques concernant Personnages One Piece par image (A-Z) 2

Cliquez ici pour prendre le quiz!

Statistiques générales

  • Ce quiz a été pris 321 fois
  • Le résultat moyen est 22 sur 26

Statistiques - réponses

Réponse% Correct
Usopp
94%
Gecko Moria
93%
Alvida
91%
Bepo
91%
Queen
91%
Killer
90%
Cavendish
89%
Dracule Mihawk
89%
Edward Newgate
88%
Foxy
88%
Sengoku
88%
Yamato
86%
Laboon
84%
Neptune
83%
Rebecca
83%
X Drake
83%
Pica
81%
Tom
81%
Octo
80%
Vegapunk
80%
Zeus
78%
Morgan
77%
Icebarg
75%
Hiluluk
73%
Joz
73%
Wiper
54%

Distribution des résultats

Percentile par nombre de réponses

% des personnes avec chaque résultat

Votre développement - résultats

Vous n’avez pas pris ce quiz